<?xml version="1.0" encoding="UTF-8"?>
<record
    xmlns:xsi="http://www.w3.org/2001/XMLSchema-instance"
    xsi:schemaLocation="http://www.loc.gov/MARC21/slim http://www.loc.gov/standards/marcxml/schema/MARC21slim.xsd"
    xmlns="http://www.loc.gov/MARC21/slim">

  <leader>01242nam a2200313 a 4500</leader>
  <controlfield tag="001">000114650</controlfield>
  <controlfield tag="003">CHAP</controlfield>
  <controlfield tag="005">20220329144451.0</controlfield>
  <controlfield tag="008">180314s2017    mx a   fsm   |||||||spa d</controlfield>
  <datafield tag="010" ind1=" " ind2=" ">
    <subfield code="a">111111</subfield>
  </datafield>
  <datafield tag="011" ind1=" " ind2=" ">
    <subfield code="a">112083</subfield>
  </datafield>
  <datafield tag="040" ind1=" " ind2=" ">
    <subfield code="c">CHAP</subfield>
  </datafield>
  <datafield tag="090" ind1=" " ind2=" ">
    <subfield code="a">Tesis</subfield>
  </datafield>
  <datafield tag="100" ind1="1" ind2=" ">
    <subfield code="a">Ram&#xED;rez Rivera, Eduardo Efra&#xED;n</subfield>
    <subfield code="9">134885</subfield>
  </datafield>
  <datafield tag="245" ind1="1" ind2="0">
    <subfield code="a">M&#xE9;todo de aproximaci&#xF3;n para determinar aptitud ambiental para la higuerilla (Ricinus communis L.) en el Tr&#xF3;pico Seco del Estado de Durango, M&#xE9;xico /</subfield>
    <subfield code="h">[En l&#xED;nea]</subfield>
    <subfield code="c">por Eduardo Efra&#xED;n Ram&#xED;rez Rivera.</subfield>
  </datafield>
  <datafield tag="260" ind1=" " ind2=" ">
    <subfield code="a">Chapingo, M&#xE9;x. :</subfield>
    <subfield code="b">El autor,</subfield>
    <subfield code="c">2017.</subfield>
  </datafield>
  <datafield tag="500" ind1=" " ind2=" ">
    <subfield code="a">Para ver el contenido del material haga clic en la liga</subfield>
  </datafield>
  <datafield tag="502" ind1=" " ind2=" ">
    <subfield code="a">Tesis (Ing. en Sistemas Agr&#xED;colas) -- UACH. Unidad Regional Universitaria de Zonas &#xC1;ridas</subfield>
  </datafield>
  <datafield tag="590" ind1=" " ind2=" ">
    <subfield code="a">E8697GMM</subfield>
    <subfield code="b">05</subfield>
    <subfield code="c">20180314</subfield>
    <subfield code="l">UCH01</subfield>
    <subfield code="h">1318</subfield>
  </datafield>
  <datafield tag="590" ind1=" " ind2=" ">
    <subfield code="a">E8697GMM</subfield>
    <subfield code="b">05</subfield>
    <subfield code="c">20180314</subfield>
    <subfield code="l">UCH01</subfield>
    <subfield code="h">1319</subfield>
  </datafield>
  <datafield tag="590" ind1=" " ind2=" ">
    <subfield code="a">E8697GMM</subfield>
    <subfield code="b">05</subfield>
    <subfield code="c">20180315</subfield>
    <subfield code="l">UCH01</subfield>
    <subfield code="h">0900</subfield>
  </datafield>
  <datafield tag="650" ind1="1" ind2="4">
    <subfield code="a">Higuerilla</subfield>
    <subfield code="x">Efecto del medio ambiente</subfield>
    <subfield code="z">Durango.</subfield>
    <subfield code="9">134891</subfield>
  </datafield>
  <datafield tag="650" ind1="1" ind2="4">
    <subfield code="a">Higuerilla</subfield>
    <subfield code="x">Espaciamiento.</subfield>
    <subfield code="9">55367</subfield>
  </datafield>
  <datafield tag="650" ind1="1" ind2="4">
    <subfield code="a">Higuerilla</subfield>
    <subfield code="x">Rendimiento.</subfield>
    <subfield code="9">55369</subfield>
  </datafield>
  <datafield tag="856" ind1=" " ind2=" ">
    <subfield code="a">Finding aid</subfield>
    <subfield code="u">http://10.13.5.2/tesis/sist114650.pdf</subfield>
    <subfield code="z">Teclea aqu&#xED;</subfield>
  </datafield>
  <datafield tag="901" ind1=" " ind2=" ">
    <subfield code="a">BK</subfield>
  </datafield>
  <datafield tag="942" ind1=" " ind2=" ">
    <subfield code="c">TESIS</subfield>
  </datafield>
  <datafield tag="942" ind1=" " ind2=" ">
    <subfield code="n">0</subfield>
  </datafield>
  <datafield tag="999" ind1=" " ind2=" ">
    <subfield code="c">111111</subfield>
    <subfield code="d">111111</subfield>
  </datafield>
  <datafield tag="952" ind1=" " ind2=" ">
    <subfield code="0">0</subfield>
    <subfield code="1">0</subfield>
    <subfield code="4">0</subfield>
    <subfield code="5">4</subfield>
    <subfield code="7">1</subfield>
    <subfield code="8">TESIS</subfield>
    <subfield code="a">BC</subfield>
    <subfield code="b">BC</subfield>
    <subfield code="d">2018-03-14</subfield>
    <subfield code="f">TESIS</subfield>
    <subfield code="l">0</subfield>
    <subfield code="o">Tesis</subfield>
    <subfield code="p">114651-10</subfield>
    <subfield code="r">2019-12-31 00:00:00</subfield>
    <subfield code="w">2019-12-31</subfield>
    <subfield code="y">TESIS</subfield>
    <subfield code="z">Recien adquirido</subfield>
  </datafield>
  <datafield tag="952" ind1=" " ind2=" ">
    <subfield code="0">0</subfield>
    <subfield code="1">0</subfield>
    <subfield code="2">local</subfield>
    <subfield code="4">0</subfield>
    <subfield code="5">3</subfield>
    <subfield code="7">0</subfield>
    <subfield code="8">TESIS</subfield>
    <subfield code="a">BC</subfield>
    <subfield code="b">BC</subfield>
    <subfield code="c">PA_TESIS</subfield>
    <subfield code="d">2018-03-14</subfield>
    <subfield code="f">TESIS</subfield>
    <subfield code="l">0</subfield>
    <subfield code="o">Tesis</subfield>
    <subfield code="p">114651-20</subfield>
    <subfield code="r">2019-12-31 00:00:00</subfield>
    <subfield code="t">c.2</subfield>
    <subfield code="w">2019-12-31</subfield>
    <subfield code="y">TESIS</subfield>
  </datafield>
</record>
